000 00263nam a22001217a 4500
003 OSt
008 210127b ||||| |||| 00| 0 eng d
041 _aeng
082 _a891.7
_bDOS/ID
100 _aDostoyovsky, Fyodor
_96158
245 _aThe Idiot /
942 _cBK
999 _c16932
_d16932